000 00378 a2200109 4500
001 ART_61720
005 20260410161823.0
008 260409a
245 1 0 _aEl rol de querellante en los delitos penales tributarios. Objetivos implícitos
100 1 _aPampliega, Alejandro
773 0 _tDoctrina Penal Tributaria y Económica
_g- Nº 74 (dic. 2024)
_wREV4317
999 _c22568
_d22568